| 000 | 00725nam a2200277Ia 4500 | ||
|---|---|---|---|
| 001 | dia_286 | ||
| 003 | CHAP | ||
| 005 | 20230116103613.0 | ||
| 008 | 220117s1982 xx 000 0 und d | ||
| 010 | _a170839 | ||
| 020 | _a962-432-772-2 | ||
| 040 | _cCHAP | ||
| 082 | _a347 o5 | ||
| 100 |
_aOlvera de Luna, Omar _9148051 |
||
| 245 |
_aContratos Mercantiles / _c por Omar Olvera de Luna |
||
| 250 | _a2 | ||
| 260 |
_aMéxico : _b Porrua, _c1982 |
||
| 300 | _a381 p. | ||
| 503 | _aC/e | ||
| 650 |
_a1.Instrumentos Negociables _9148052 |
||
| 650 |
_aDerecho Mercantil _931896 |
||
| 901 | _a347 O5 | ||
| 902 | _aM | ||
| 905 | _a0000001982 1987 mx X 0000000000spa00 | ||
| 942 |
_cLIBRO _2ddc |
||
| 999 |
_c170839 _d170839 |
||